Ridotto (Record no. 2154)
[ view plain ]
| 000 -LEADER | |
|---|---|
| campo de control de longitud fija | 01099nas a2200265 i 4500 |
| 001 - NÚMERO DE CONTROL | |
| campo de control | 2154 |
| 003 - IDENTIFICADOR DE NÚMERO DE CONTROL | |
| campo de control | ES-MaACL |
| 005 - FECHA Y HORA DE LA ÚLTIMA TRANSACCIÓN | |
| campo de control | 20250824012557.0 |
| 007 - CAMPO FIJO DE DESCRIPCIÓN FÍSICA--INFORMACIÓN GENERAL | |
| campo de control de longitud fija | t| |
| 008 - DATOS DE LONGITUD FIJA--INFORMACIÓN GENERAL | |
| campo de control de longitud fija | 950801c1951 it m| | 1 ||ta d |
| 022 ## - NÚMERO INTERNACIONAL NORMALIZADO PARA PUBLICACIONES SERIADAS | |
| Número Internacional Normalizado para Publicaciones Seriadas | 0035-5186 |
| 080 ## - NÚMERO DE LA CLASIFICACIÓN DECIMAL UNIVERSAL | |
| Número de la Clasificación Decimal Universal | (45) |
| 080 ## - NÚMERO DE LA CLASIFICACIÓN DECIMAL UNIVERSAL | |
| Número de la Clasificación Decimal Universal | 792 |
| 245 00 - MENCIÓN DEL TÍTULO | |
| Título | Ridotto |
| Resto del título | : rassegna di teatro per i gruppi d'arte drammatica a cura della Societá Italiana Autori Drammatici / |
| Mención de responsabilidad, etc. | [dir. Vicenzo Filippone]. |
| 260 ## - PUBLICACIÓN, DISTRIBUCIÓN, ETC. | |
| Lugar de publicación, distribución, etc. | Roma, etc : |
| Nombre del editor, distribuidor, etc. | [s.n.], |
| Fecha de publicación, distribución, etc. | 1951- ( |
| Lugar de fabricación/manufactura | Venezia : |
| Fabricante | Tip. Armena) |
| 300 ## - DESCRIPCIÓN FÍSICA | |
| Extensión | 37 v. ; |
| Dimensiones | 24 cm. |
| 310 ## - PERIODICIDAD ACTUAL | |
| Periodicidad actual | Mensual |
| 362 0# - FECHAS DE PUBLICACIÓN Y/O DESIGNACIÓN SECUENCIAL | |
| Fecha de publicación y/o designación secuencial | Año I (1951)- |
| 650 #7 - PUNTO DE ACCESO ADICIONAL DE MATERIA--TÉRMINO DE MATERIA | |
| Término de materia o nombre geográfico como elemento de entrada | Teatro |
| Fuente del encabezamiento o término | embne |
| 9 (RLIN) | 17290 |
| 700 1# - ENTRADA AGREGADA--NOMBRE PERSONAL | |
| Nombre de persona | Filippone, Vincenzo, |
| Término indicativo de función/relación | |
| 9 (RLIN) | 194407 |
| 710 2# - ENTRADA AGREGADA--NOMBRE DE ENTIDAD CORPORATIVA | |
| Nombre de entidad corporativa o nombre de jurisdicción como elemento de entrada | Societá Italiana Autori Drammatici. |
| 9 (RLIN) | 6819 |
| 852 ## - LOCALIZACIÓN | |
| Ubicación | ES-MaACL |
| Número de control de estantería | HEM-H-231 |
| Encuadernación | hem-1398 |
| Signatura antigua | |
| 866 #0 - MENCIÓN TEXTUAL DE FONDOS--UNIDAD BIBLIOGRÁFICA BÁSICA | |
| Fondos | (1958)1959-64(1965f.n.1-3)(1966f.n.7-8)(1967f.n.11-12)(1968f.n.1-2)1969-74(1975f.n.10-12)(1976f.n.7-8)(1977f.n.2y4-5 y 7-8y 12)(1978f.n.3-8)(1979f.n.12)1980(1981f.n.1-2)1982-89(1990f.n.5-6)(1991f.n.6-7)(1992f.n.1 y11-12),(1994f.n.1-9)(1995f.n.6-7)1996(f.n.11)1997-1999. |
| Estatus retirado | Estado de pérdida | Estado de daño | No para préstamo | Colección | Biblioteca de origen | Biblioteca actual | Ubicación en estantería | Fecha de adquisición | Fuente de adquisición | Total de préstamos | Signatura topográfica completa | Código de barras | Visto por última vez | Precio de reemplazo | Tipo de ítem Koha |
|---|---|---|---|---|---|---|---|---|---|---|---|---|---|---|---|
| Periódicos y Revistas | Biblioteca del Ateneo de Madrid | Biblioteca del Ateneo de Madrid | Hemeroteca | 17/01/2008 | HEM-H-231 | 1002193 | 23/02/2023 | 23/02/2023 | Revista |
